[Event "Donau op 19th"]
[Site "Aschach"]
[Date "2010.12.31"]
[Round "7"]
[White "Moser, Eva"]
[Black "Krejci, Jan1"]
[Result "0-1"]
[WhiteElo "2413"]
[BlackElo "2439"]
[PlyCount "80"]
[EventDate "2010.12.26"]
[EventType "swiss"]
[EventRounds "7"]
[EventCountry "AUT"]
[SourceTitle "CBM 140 Extra"]
[Source "ChessBase"]
[SourceDate "2011.03.01"]
[SourceVersion "1"]
[SourceVersionDate "2011.03.01"]
[SourceQuality "1"]

1. e4 e5 2. Nf3 Nc6 3. c3 d5 4. Qa4 Bd7 5. exd5 Nd4 6. Qd1 Nxf3+ 7. Qxf3 Nf6 8.
Bc4 e4 9. Qe2 Bd6 10. d4 h6 11. h3 O-O 12. Nd2 Qe7 13. Nf1 Nh7 14. Bd2 b5 15.
Bb3 a5 16. Bc2 f5 17. g4 Ng5 18. Bxg5 Qxg5 19. gxf5 Rxf5 20. h4 Qf6 21. Nd2 Re8
22. Nxe4 Qf8 23. O-O-O Rf4 24. Rde1 Rfxe4 25. Bxe4 Qf4+ 26. Qd2 Rxe4 27. Qxf4
Rxf4 28. Re2 Kf7 29. a4 bxa4 30. f3 Bb5 31. Rg2 g6 32. Rhg1 Rf6 33. Kd2 Bc4 34.
Ra1 a3 35. bxa3 Rxf3 36. a4 Bxd5 37. Re2 Bc4 38. Rg2 Bb3 39. Rb1 Bf4+ 40. Ke2
Rxc3 0-1

[Event "Donetsk Amitan Memorial"]
[Site "Donetsk"]
[Date "2010.12.29"]
[Round "13"]
[White "Kutsyj, Alexander"]
[Black "Demkovich, Anatoliy"]
[Result "0-1"]
[WhiteElo "2305"]
[BlackElo "2404"]
[PlyCount "58"]
[EventDate "2010.12.20"]
[EventType "tourn"]
[EventRounds "13"]
[EventCountry "UKR"]
[EventCategory "8"]
[SourceTitle "CBM 140 Extra"]
[Source "ChessBase"]
[SourceDate "2011.03.01"]
[SourceVersion "1"]
[SourceVersionDate "2011.03.01"]
[SourceQuality "1"]

1. e4 e5 2. Nf3 Nc6 3. c3 Nf6 4. d4 d6 5. dxe5 Nxe5 6. Nxe5 dxe5 7. Qxd8+ Kxd8
8. f3 Bc5 9. Bc4 Ke7 10. a4 a5 11. Ke2 Rd8 12. Nd2 c6 13. Nf1 Nxe4 14. Ne3 Nf6
15. Rd1 Rxd1 16. Kxd1 e4 17. Ke2 exf3+ 18. Kxf3 Nd7 19. Bb3 Ne5+ 20. Ke4 f6 21.
Nf5+ Bxf5+ 22. Kxf5 Rd8 23. Ke4 g6 24. Bh6 Ng4 25. Bf4 g5 26. Bg3 Rd2 27. Rb1
Ne3 28. Bg8 f5+ 29. Kf3 Nxg2 0-1

[Event "Fast Ladder"]
[Site "http://gameknot.com/chess.pl?"]
[Date "2010.12.28"]
[Round "?"]
[White "oregonchessguy"]
[Black "acudata"]
[Result "1/2-1/2"]
[WhiteElo "2185"]
[BlackElo "2453"]
[PlyCount "90"]
[EventDate "2010.??.??"]
[SourceTitle "OM Portal C 201906"]
[Source "Opening Master"]
[SourceDate "2019.06.27"]
[SourceVersion "1"]
[SourceVersionDate "2019.06.27"]
[SourceQuality "1"]

1. e4 e5 2. Nf3 Nc6 3. c3 Nf6 4. d4 d5 5. Bb5 exd4 6. e5 Ne4 7. Nxd4 Bd7 8.
Bxc6 bxc6 9. O-O Be7 10. f3 Nc5 11. f4 O-O 12. f5 Bg5 13. b4 Ne4 14. f6 gxf6
15. Bxg5 fxg5 16. Nd2 c5 17. Nxe4 dxe4 18. bxc5 Qe7 19. Nf5 Qxc5+ 20. Qd4 Qxd4+
21. cxd4 f6 22. Ng3 fxe5 23. dxe5 Rxf1+ 24. Rxf1 e3 25. Re1 Rb8 26. Ne4 Bf5 27.
Rxe3 h6 28. g4 Bxe4 29. Rxe4 a5 30. h3 Rb4 31. Re2 Kf7 32. Rc2 Ra4 33. Rxc7+
Ke6 34. Rc6+ Kxe5 35. Rxh6 Rxa2 36. h4 gxh4 37. Rxh4 Kf4 38. Kf1 Kg5 39. Rh5+
Kxg4 40. Rb5 Ra1+ 41. Ke2 Kf4 42. Rb2 Ke4 43. Rb3 a4 44. Rb4+ Kd5 45. Kd2 Kc5
1/2-1/2

[Event "33. LSS No Engine Cup Preliminary 5"]
[Site "Lechenicher SchachServer"]
[Date "2010.12.27"]
[Round "?"]
[White "Trani, Francesco"]
[Black "Varas, Pablo"]
[Result "1-0"]
[WhiteElo "1793"]
[BlackElo "1215"]
[PlyCount "60"]
[EventDate "2010.12.28"]

1. e4 e5 2. Nf3 Nc6 3. c3 Nf6 4. d4 Nxd4 5. cxd4 Nxe4 6. Bd3 Bb4+ 7. Nbd2 Nxd2
8. Bxd2 Bxd2+ 9. Qxd2 exd4 10. Qe2+ Qe7 11. Nxd4 d5 12. Rc1 Qxe2+ 13. Kxe2 Kd7
14. g3 c6 15. f4 Kd6 16. Kd2 a6 17. Rhe1 c5 18. Nf3 f6 19. h4 g6 20. a3 Bd7 21.
b4 c4 22. Bc2 a5 23. Ra1 axb4 24. axb4 Rhe8 25. Rxe8 Rxe8 26. Nd4 Re7 27. Ra7
Bg4 28. Ra8 Bd7 29. h5 Rg7 30. hxg6 hxg6 1-0

[Event "EU-ch rapid"]
[Site "Warsaw"]
[Date "2010.12.19"]
[Round "11"]
[White "Swicarz, Maciej"]
[Black "Stern, Rene"]
[Result "0-1"]
[WhiteElo "2308"]
[BlackElo "2504"]
[PlyCount "64"]
[EventDate "2010.12.18"]
[EventType "swiss (rapid)"]
[EventRounds "13"]
[EventCountry "POL"]
[SourceTitle "CBM 139 Extra"]
[Source "ChessBase"]
[SourceDate "2011.01.05"]
[SourceVersion "1"]
[SourceVersionDate "2011.01.05"]
[SourceQuality "1"]

1. e4 e5 2. Nf3 Nc6 3. c3 Nf6 4. d4 d6 5. Be2 Be7 6. O-O O-O 7. Qd3 Re8 8. Re1
Bf8 9. Nbd2 exd4 10. cxd4 Nxe4 11. Nxe4 Bf5 12. Nfg5 d5 13. Qf3 Nxd4 14. Qf4
Nxe2+ 15. Rxe2 dxe4 16. Bd2 Bg6 17. Bc3 Bd6 18. Qe3 h6 19. Nh3 Qh4 20. Rd1 Bh5
21. Rxd6 cxd6 22. Rd2 f6 23. Nf4 Bf7 24. g3 Qg5 25. Rxd6 Rad8 26. Rxd8 Rxd8 27.
Qxa7 Rd1+ 28. Kg2 Qb5 29. Kh3 Rg1 30. Qb8+ Kh7 31. Qc8 Be8 32. Ne6 Qf5+ 0-1

[Event "IND-ch 48th"]
[Site "New Delhi"]
[Date "2010.12.19"]
[Round "10"]
[White "Saptarshi, Roy"]
[Black "Sangma, Rahul"]
[Result "1/2-1/2"]
[WhiteElo "2382"]
[BlackElo "2400"]
[PlyCount "40"]
[EventDate "2010.12.09"]
[EventType "swiss"]
[EventRounds "13"]
[EventCountry "IND"]
[SourceTitle "CBM 139 Extra"]
[Source "ChessBase"]
[SourceDate "2011.01.05"]
[SourceVersion "1"]
[SourceVersionDate "2011.01.05"]
[SourceQuality "1"]

1. e4 e5 2. Nf3 Nc6 3. c3 g6 4. d4 Bg7 5. Bb5 Qe7 6. O-O a6 7. Bxc6 dxc6 8.
Nxe5 Bxe5 9. dxe5 Qxe5 10. Nd2 Be6 11. Qc2 O-O-O 12. Kh1 Kb8 13. Kg1 Kc8 14.
Kh1 Kb8 15. Kg1 Kc8 16. Kh1 Kb8 17. Kg1 Kc8 18. Kh1 Kb8 19. Kg1 Kc8 20. Kh1 Kb8
1/2-1/2

[Event "It (open)"]
[Site "Assisi (Italy)"]
[Date "2010.12.17"]
[Round "1"]
[White "Aleksic, Nenad"]
[Black "Occhioni, Edmondo"]
[Result "1-0"]
[WhiteElo "2049"]
[BlackElo "1918"]
[PlyCount "49"]
[EventDate "2010.??.??"]
[EventRounds "7"]
[SourceTitle "OM OTB B 201907"]
[Source "Opening Master"]
[SourceDate "2019.07.06"]
[SourceVersion "2"]
[SourceVersionDate "2019.07.06"]
[SourceQuality "1"]

1. e4 e5 2. Nf3 Nc6 3. c3 d5 4. Qa4 Qd6 5. d3 Nf6 6. Be2 Be7 7. O-O O-O 8. Nbd2
h6 9. b4 Bd7 10. Qc2 Nd8 11. Bb2 c6 12. a3 Ne6 13. g3 Nh7 14. exd5 cxd5 15. c4
d4 16. c5 Qc7 17. Rfe1 Nhg5 18. Bf1 Nxf3+ 19. Nxf3 b6 20. Nxe5 bxc5 21. Nxd7
Qxd7 22. Bh3 cxb4 23. axb4 f5 24. Qb3 Rf6 25. Ra6 1-0

[Event "FICGS__CHESS__RAPID_E__000041"]
[Site "FICGS"]
[Date "2010.12.16"]
[Round "1"]
[White "Melquiades, Jay"]
[Black "Kehayov, Yulian"]
[Result "0-1"]
[WhiteElo "980"]
[BlackElo "1086"]
[PlyCount "48"]
[EventDate "2010.??.??"]
[EventType "rapid"]

1. e4 e5 2. Nf3 Nc6 3. c3 Nf6 4. d3 d5 5. Bg5 dxe4 6. Nbd2 Be7 7. Nc4 O-O 8.
dxe4 Qxd1+ 9. Rxd1 h6 10. Ncxe5 Nxe5 11. Nxe5 hxg5 12. Bc4 Nxe4 13. O-O Nf6 14.
f4 gxf4 15. Rxf4 Bd6 16. Rxd6 cxd6 17. h4 dxe5 18. Rf2 Re8 19. h5 Nxh5 20.
Bxf7+ Kf8 21. Bxh5+ Ke7 22. Re2 Rf8 23. Rxe5+ Be6 24. Bg4 Rf6 0-1

[Event "Zadar op-A 17th"]
[Site "Zadar"]
[Date "2010.12.15"]
[Round "6"]
[White "Zelic, Mladen"]
[Black "Zufic, Miroslav"]
[Result "1/2-1/2"]
[WhiteElo "2280"]
[BlackElo "2442"]
[PlyCount "49"]
[EventDate "2010.12.12"]
[EventType "swiss"]
[EventRounds "9"]
[EventCountry "CRO"]
[SourceTitle "CBM 139 Extra"]
[Source "ChessBase"]
[SourceDate "2011.01.05"]
[SourceVersion "1"]
[SourceVersionDate "2011.01.05"]
[SourceQuality "1"]

1. e4 e5 2. Nf3 Nc6 3. c3 d6 4. d4 Be7 5. Bc4 Nf6 6. Nbd2 O-O 7. O-O exd4 8.
cxd4 d5 9. exd5 Nxd5 10. Re1 Be6 11. Ne4 Ne3 12. Bxe3 Bxc4 13. Rc1 Bd5 14. Nc3
Bf6 15. Ne5 Be6 16. Nxc6 bxc6 17. Ne4 Be7 18. b3 Bd5 19. Nc3 Bd6 20. Nxd5 cxd5
21. Qf3 Re8 22. Bf4 Rxe1+ 23. Rxe1 Bxf4 24. Qxf4 Qd7 25. g3 1/2-1/2

[Event "ZN-2010-0-01239"]
[Site "Lechenicher SchachServer"]
[Date "2010.12.14"]
[Round "?"]
[White "Hendershot, Paul"]
[Black "Dietle, Robert"]
[Result "0-1"]
[WhiteElo "549"]
[BlackElo "800"]
[PlyCount "52"]
[EventDate "2010.12.09"]

1. e4 e5 2. Nf3 Nc6 3. c3 Nf6 4. d3 d5 5. exd5 Qxd5 6. c4 Qa5+ 7. Bd2 Bb4 8.
Be2 Qb6 9. a3 Bxd2+ 10. Qxd2 Bf5 11. Qg5 Qxb2 12. Qxg7 Ke7 13. Ng5 Bg6 14. O-O
Qxa1 15. Bf3 h6 16. Be4 Rag8 17. Qxh8 Rxh8 18. Nf3 Nxe4 19. dxe4 Bxe4 20. Nfd2
Bd3 21. Re1 Qd4 22. Nf3 Qf4 23. Nc3 Bxc4 24. Rf1 Rg8 25. Re1 Qxf3 26. g3 Qxc3
0-1

[Event "Voronezh Region-ch"]
[Site "Voronezh"]
[Date "2010.12.07"]
[Round "1"]
[White "Korotchenkov, Viktor"]
[Black "Manukovsky, Vladimir"]
[Result "1/2-1/2"]
[WhiteElo "1641"]
[BlackElo "2264"]
[PlyCount "37"]
[EventDate "2010.12.07"]
[EventType "swiss"]
[EventRounds "9"]
[EventCountry "RUS"]
[SourceTitle "EXT 2013"]
[Source "ChessBase"]
[SourceDate "2012.11.22"]
[SourceVersion "1"]
[SourceVersionDate "2012.11.22"]
[SourceQuality "1"]

1. e4 e5 2. Nf3 Nc6 3. c3 Nf6 4. d3 d5 5. exd5 Qxd5 6. Qb3 b6 7. Qxd5 Nxd5 8.
Nbd2 Ba6 9. Ne4 f6 10. a3 O-O-O 11. c4 Nde7 12. Be3 Nf5 13. Be2 Be7 14. b4 Bb7
15. O-O Ncd4 16. Nxd4 Nxd4 17. Bxd4 Rxd4 18. Rfd1 Rhd8 19. Nc3 1/2-1/2

[Event "CZE-chT2E 1011"]
[Site "Czechia"]
[Date "2010.12.05"]
[Round "4.8"]
[White "Balazec, Ludovit"]
[Black "Fusek, Lukas"]
[Result "1/2-1/2"]
[WhiteElo "1976"]
[BlackElo "1907"]
[PlyCount "138"]
[EventDate "2010.10.17"]
[EventType "team-tourn"]
[EventRounds "11"]
[EventCountry "CZE"]
[SourceTitle "EXT 2012"]
[Source "ChessBase"]
[SourceDate "2011.11.24"]
[SourceVersion "1"]
[SourceVersionDate "2011.11.24"]
[SourceQuality "1"]
[WhiteTeam "Zlin III"]
[BlackTeam "Stare Mesto III"]
[WhiteTeamCountry "CZE"]
[BlackTeamCountry "CZE"]

1. e4 e5 2. Nf3 Nc6 3. c3 d5 4. Qa4 Qd6 5. Bb5 Bd7 6. O-O dxe4 7. Ng5 f5 8. Qb3
Nh6 9. Na3 Be7 10. h4 Bxg5 11. hxg5 Nf7 12. d4 exd3 13. Bc4 O-O 14. Nb5 Qe7 15.
Nxc7 Na5 16. Bxf7+ Rxf7 17. Qd5 Bc6 18. Qxa5 Qxc7 19. Qxc7 Rxc7 20. f4 e4 21.
Be3 Ba4 22. b3 Be8 23. Rac1 Bh5 24. Kf2 Rd8 25. Ke1 Rcd7 26. Kd2 Rd6 27. Rh1
Bg4 28. a4 a6 29. a5 h6 30. gxh6 gxh6 31. c4 Rg6 32. b4 Be2 33. Rhg1 Kf7 34. g3
Rdg8 35. Bf2 Rc8 36. c5 Ke7 37. Rc4 Kd7 38. Rd4+ Kc6 39. Rc1 Bg4 40. Rd6+ Rxd6
41. cxd6+ Kd7 42. Rxc8 Kxc8 43. Bc5 Bh5 44. d7+ Kxd7 45. Bf8 Ke8 46. Bxh6 Kf7
47. Bg5 Kg6 48. Bd8 Be2 49. Bb6 Kh5 50. Ke3 Bf3 51. Bd8 Kg4 52. Bh4 Kh3 53. Bf6
Kxg3 54. Bc3 Kg4 55. Bd2 Kh5 56. Kd4 Kg4 57. Ke3 Kg3 58. Be1+ Kg2 59. Bd2 Kf1
60. Bc3 Kg2 61. Bd2 Kh3 62. Bc3 Kh4 63. Be1+ Kh5 64. Bd2 Kg6 65. Kd4 Kf6 66.
Kc5 Ke6 67. Be3 Be2 68. Bd2 Bf3 69. Be3 Be2 1/2-1/2

[Event "Curitiba Jabur Memorial op"]
[Site "Curitiba"]
[Date "2010.12.??"]
[Round "3"]
[White "De Lima, Adriano Mendes"]
[Black "Calcado, Acyr Rogerio"]
[Result "0-1"]
[WhiteElo "1845"]
[BlackElo "2179"]
[PlyCount "44"]
[EventDate "2010.12.??"]
[EventType "swiss"]
[EventRounds "6"]
[EventCountry "BRA"]
[SourceTitle "CBM 140 Extra"]
[Source "ChessBase"]
[SourceDate "2011.03.01"]
[SourceVersion "1"]
[SourceVersionDate "2011.03.01"]
[SourceQuality "1"]

1. e4 e5 2. Nf3 Nc6 3. c3 d6 4. d4 exd4 5. cxd4 Nf6 6. Be2 Be7 7. O-O O-O 8.
Nc3 Re8 9. d5 Ne5 10. Ne1 Bf8 11. f4 Ng6 12. Bf3 Nh4 13. Nd3 c6 14. dxc6 bxc6
15. e5 dxe5 16. Nxe5 Qb6+ 17. Kh1 Nxf3 18. Qxf3 Bb7 19. Be3 c5 20. Qh3 Qxb2 21.
Na4 Qa3 22. Rab1 Be4 0-1

[Event "FICS rated standard game"]
[Site "FICS freechess.org"]
[Date "2010.11.30"]
[Round "?"]
[White "wingfour"]
[Black "lempi"]
[Result "0-1"]
[WhiteElo "2084"]
[BlackElo "2007"]
[PlyCount "46"]
[EventDate "2010.??.??"]
[SourceTitle "OM Portal C 201906"]
[Source "Opening Master"]
[SourceDate "2019.06.27"]
[SourceVersion "1"]
[SourceVersionDate "2019.06.27"]
[SourceQuality "1"]

1. e4 e5 2. Nf3 Nc6 3. c3 Nf6 4. d4 Nxe4 5. d5 Nb8 6. Nxe5 d6 7. Nd3 Nf6 8. c4
Be7 9. Be2 O-O 10. O-O Bf5 11. Nc3 Nbd7 12. b3 Ne4 13. Nxe4 Bxe4 14. Bb2 Bf6
15. Qd2 Re8 16. Rfe1 Bxb2 17. Nxb2 Qf6 18. Bd3 Nc5 19. Bxe4 Nxe4 20. Qc2 Nc3
21. Nd3 Re2 22. Qc1 Rae8 23. Kf1 Qd4 0-1

[Event "AUT-chT2M 1011"]
[Site "Austria"]
[Date "2010.11.28"]
[Round "5"]
[White "Sandner, Wolfgang"]
[Black "Hartl, Daniel"]
[Result "0-1"]
[WhiteElo "2234"]
[BlackElo "2233"]
[PlyCount "110"]
[EventDate "2010.10.16"]
[EventType "team-tourn"]
[EventRounds "11"]
[EventCountry "AUT"]
[SourceTitle "EXT 2012"]
[Source "ChessBase"]
[SourceDate "2011.11.24"]
[SourceVersion "1"]
[SourceVersionDate "2011.11.24"]
[SourceQuality "1"]
[WhiteTeam "Gleisdorf"]
[BlackTeam "Maria Saal"]
[WhiteTeamCountry "AUT"]
[BlackTeamCountry "AUT"]

1. e4 e5 2. Nf3 Nc6 3. c3 d5 4. d3 Nf6 5. Qc2 Be7 6. Be2 a5 7. a4 h6 8. Na3 O-O
9. h3 Be6 10. O-O Qd7 11. Re1 Bc5 12. Bf1 Rfe8 13. Nb5 Rad8 14. Qe2 dxe4 15.
dxe4 Bb3 16. Nd2 Bc2 17. Qf3 Bb6 18. Nc4 Bc5 19. Nd2 Bb6 20. Bc4 Ne7 21. Nf1
Qc6 22. Ba2 Bxe4 23. Qg3 Nf5 24. Qh2 Nd6 25. Qg3 Nf5 26. Qh2 Rd7 27. Ne3 Nxe3
28. Bxe3 Bxe3 29. Rxe3 Red8 30. Qxe5 Rd1+ 31. Re1 Rxe1+ 32. Rxe1 Bxg2 33. Nd4
Rxd4 34. Qxd4 Bh1 35. f3 Bxf3 36. Rf1 Be4 37. Bc4 b6 38. Re1 Bg6 39. Bf1 Qf3
40. Bg2 Qg3 41. Re2 Nh5 42. Rf2 Qg5 43. Kh2 Kh7 44. Kg1 Qc1+ 45. Kh2 Qg5 46. b4
axb4 47. cxb4 Qg3+ 48. Kg1 Qa3 49. b5 Ng3 50. Kh2 Nf5 51. Qf4 Nd6 52. Bf3 Qb3
53. Rg2 Bc2 54. Qe5 Bg6 55. h4 Qxf3 0-1

[Event "Duisburg SBDU-ch"]
[Site "Duisburg Rheinhausen"]
[Date "2010.11.26"]
[Round "6"]
[White "Imbierowicz, Dirk"]
[Black "Eickholt, Marc"]
[Result "0-1"]
[WhiteElo "1447"]
[BlackElo "1321"]
[PlyCount "146"]
[EventDate "2010.09.17"]
[EventType "swiss"]
[EventRounds "7"]
[EventCountry "GER"]
[SourceTitle "OM OTB B 201907"]
[Source "Opening Master"]
[SourceDate "2019.07.06"]
[SourceVersion "2"]
[SourceVersionDate "2019.07.06"]
[SourceQuality "1"]

1. e4 e5 2. Nf3 Nc6 3. c3 d5 4. exd5 Qxd5 5. c4 Qa5 6. Nc3 Bg4 7. Be2 Nf6 8. d3
Bb4 9. Bd2 Rd8 10. a3 Bxc3 11. Bxc3 Qc5 12. b4 Qe7 13. O-O e4 14. Bxf6 Qxf6 15.
Nd2 Bf5 16. Re1 exd3 17. Bxd3+ Be6 18. Ne4 Qh6 19. Nc5 b6 20. Nxe6 fxe6 21. Qa4
O-O 22. Qxc6 Rxd3 23. Qxc7 Qd2 24. Rf1 Qb2 25. Qe7 h6 26. Qxe6+ Kh8 27. Qe7 Rf4
28. Rae1 Rd2 29. Qe3 Rxc4 30. Qf3 Rc8 31. Re7 a5 32. Qf5 Rg8 33. bxa5 bxa5 34.
h4 Qxa3 35. Rfe1 Rdd8 36. R1e6 Qc1+ 37. Re1 Rd1 38. Qxa5 Rxe1+ 39. Qxe1 Qf4 40.
Qe4 Qf6 41. Re6 Qc3 42. Kh2 Qc7+ 43. Kh3 Qc3+ 44. g3 Qc8 45. g4 Qc3+ 46. Qe3
Qxe3+ 47. Rxe3 Rf8 48. Kg3 Rc8 49. f3 Rc5 50. Kf4 Kh7 51. h5 Rb5 52. Kg3 Rc5
53. f4 Rd5 54. f5 Rd6 55. Kf4 Rb6 56. g5 Rb4+ 57. Re4 Rxe4+ 58. Kxe4 hxg5 59.
Ke5 Kh6 60. Ke6 Kxh5 61. Kf7 Kh6 62. Ke6 g4 63. Ke5 Kg5 64. Ke4 Kh4 65. Kf4 Kh3
66. Kg5 g3 67. Kg6 g2 68. Kxg7 g1=Q+ 69. Kf6 Qg8 70. Ke7 Qg7+ 71. Ke6 Qf8 72.
f6 Kg4 73. f7 Kg5 0-1

[Event "Jalgaon op"]
[Site "Jalgaon"]
[Date "2010.11.26"]
[Round "5"]
[White "Mishra, Soumyaranjan"]
[Black "Godbole, Atharva"]
[Result "1/2-1/2"]
[WhiteElo "2210"]
[BlackElo "1938"]
[PlyCount "86"]
[EventDate "2010.11.23"]
[EventType "swiss"]
[EventRounds "11"]
[EventCountry "IND"]
[SourceTitle "CBM 139 Extra"]
[Source "ChessBase"]
[SourceDate "2011.01.05"]
[SourceVersion "1"]
[SourceVersionDate "2011.01.05"]
[SourceQuality "1"]

1. e4 e5 2. Nf3 Nc6 3. c3 Nf6 4. d4 exd4 5. e5 Nd5 6. cxd4 Bb4+ 7. Bd2 Bxd2+ 8.
Qxd2 d6 9. Bb5 O-O 10. Nc3 Nce7 11. Bd3 Nxc3 12. Qxc3 Bf5 13. O-O-O Nd5 14. Qb3
Bxd3 15. Rxd3 Nf4 16. Rd2 b6 17. h4 dxe5 18. dxe5 Qe7 19. Qa4 Ne6 20. Rhd1 Nc5
21. Qc2 Rad8 22. Ng5 g6 23. b4 Ne6 24. Ne4 Qxb4 25. Nf6+ Kg7 26. Nd7 Rfe8 27.
h5 c5 28. Nf6 Rf8 29. Nd5 Qa3+ 30. Kb1 Nd4 31. h6+ Kh8 32. Rxd4 cxd4 33. Qc6 f5
34. Qb7 Rg8 35. Rxd4 Qc5 36. Nf6 Qb5+ 37. Kc2 Qe2+ 38. Kb3 Qb5+ 39. Kc2 Qc5+
40. Kb3 Qb5+ 41. Kc2 Qc5+ 42. Kb3 Qb5+ 43. Kc2 Qc5+ 1/2-1/2

[Event "Kecskemet Caissa Rtg 11"]
[Site "Kecskemet"]
[Date "2010.11.22"]
[Round "6"]
[White "Marosi, Csaba"]
[Black "Rousseau, Daniel"]
[Result "1/2-1/2"]
[WhiteElo "2078"]
[BlackElo "2077"]
[PlyCount "47"]
[EventDate "2010.11.19"]
[EventType "tourn"]
[EventRounds "10"]
[EventCountry "HUN"]
[SourceTitle "EXT 2013"]
[Source "ChessBase"]
[SourceDate "2012.11.22"]
[SourceVersion "1"]
[SourceVersionDate "2012.11.22"]
[SourceQuality "1"]

1. e4 e5 2. Nf3 Nc6 3. c3 Nf6 4. d4 exd4 5. e5 Ne4 6. Qe2 Nc5 7. cxd4 Ne6 8. a3
Ne7 9. Nc3 d5 10. b4 c6 11. Ng5 h6 12. Nf3 Nc7 13. Qc2 Bg4 14. Be2 Nf5 15. Be3
Ne6 16. O-O Be7 17. Rfd1 O-O 18. b5 cxb5 19. Nxb5 Qd7 20. Qb3 Nxe3 21. fxe3 Ng5
22. Rf1 Ne4 23. Rfc1 Rfc8 24. Nc3 1/2-1/2

[Event "31. LSS No Engine Cup Preliminary 6"]
[Site "Lechenicher SchachServer"]
[Date "2010.11.22"]
[Round "?"]
[White "Tobey, Al"]
[Black "Eife, Gunter"]
[Result "1-0"]
[WhiteElo "598"]
[BlackElo "1214"]
[PlyCount "43"]
[EventDate "2010.11.23"]

1. e4 e5 2. Nf3 Nc6 3. c3 Nf6 4. d3 d5 5. Nbd2 Bg4 6. Be2 dxe4 7. dxe4 Bd6 8.
O-O O-O 9. Re1 Re8 10. Qc2 Nh5 11. Bb5 Qd7 12. Qd3 a6 13. Bc4 Nf4 14. Qc2 Bxf3
15. Nxf3 Qg4 16. Bf1 Re6 17. Qd2 Ne7 18. Kh1 Neg6 19. g3 Nh5 20. Ng1 Rf8 21.
Bh3 Nxg3+ 22. fxg3 1-0

[Event "FIN-chT 1011"]
[Site "Finland"]
[Date "2010.11.20"]
[Round "4.2"]
[White "Sklyarov, Dmitry V"]
[Black "Norri, Joose"]
[Result "1-0"]
[WhiteElo "2402"]
[BlackElo "2330"]
[PlyCount "77"]
[EventDate "2010.09.18"]
[EventType "team-tourn"]
[EventRounds "9"]
[EventCountry "FIN"]
[SourceTitle "EXT 2012"]
[Source "ChessBase"]
[SourceDate "2011.11.24"]
[SourceVersion "1"]
[SourceVersionDate "2011.11.24"]
[SourceQuality "1"]
[WhiteTeam "Joe SK"]
[BlackTeam "Helsinki SK"]
[WhiteTeamCountry "FIN"]
[BlackTeamCountry "FIN"]

1. e4 e5 2. Nf3 Nc6 3. c3 f5 4. d4 fxe4 5. Nxe5 Nf6 6. Bg5 d6 7. Nxc6 bxc6 8.
Nd2 Bf5 9. f3 Qe7 10. fxe4 Bxe4 11. Nxe4 Qxe4+ 12. Be2 Qxg2 13. Bf3 Qxg5 14.
Bxc6+ Kf7 15. Bxa8 d5 16. Qf3 Bd6 17. Bc6 Rb8 18. b4 Bxh2 19. Ke2 Rb6 20. b5
Qg3 21. Bxd5+ Ke7 22. Bc6 h5 23. Raf1 h4 24. Qf5 Qxc3 25. Qc5+ Qxc5 26. dxc5
Rxc6 27. bxc6 Bg3 28. Rf5 g6 29. Rg5 Nh5 30. Kf3 Kf6 31. Kg4 Ng7 32. Rf1+ Nf5
33. Rfxf5+ gxf5+ 34. Rxf5+ Ke6 35. Rh5 Bf2 36. Kf3 Bg3 37. Ke4 Kf6 38. Rh8 Bf2
39. Rf8+ 1-0

[Event "FICGS__CHESS__RAPID_E__000038"]
[Site "FICGS"]
[Date "2010.11.20"]
[Round "1"]
[White "Korossy, Peter"]
[Black "Quanter, Kirsty"]
[Result "0-1"]
[WhiteElo "1200"]
[BlackElo "1106"]
[PlyCount "56"]
[EventDate "2010.??.??"]
[EventType "rapid"]

1. e4 e5 2. Nf3 Nc6 3. c3 d5 4. Be2 dxe4 5. Ng1 Nf6 6. d3 exd3 7. Bxd3 Qd5 8.
Nf3 e4 9. Bxe4 Qxe4+ 10. Qe2 Qxe2+ 11. Kxe2 b6 12. Re1 Ba6+ 13. Kd1+ Be7 14.
Bf4 O-O-O+ 15. Nbd2 Ng4 16. Be3 Nxe3+ 17. Rxe3 Bc5 18. Re1 Bxf2 19. Re4 f5 20.
Re6 Kd7 21. Ne5+ Kxe6 22. Nxc6 Rd6 23. Nd4+ Bxd4 24. cxd4 Rxd4 25. Rc1 Kd7 26.
Rc3 Re8 27. Kc1 Re1+ 28. Kc2 Re2 0-1

[Event "Mediterranean op-A 4th"]
[Site "Rijeka"]
[Date "2010.11.19"]
[Round "8"]
[White "Nikolov, Sasho"]
[Black "Medancic, Rikard"]
[Result "1-0"]
[WhiteElo "2458"]
[BlackElo "2284"]
[PlyCount "79"]
[EventDate "2010.11.12"]
[EventType "swiss"]
[EventRounds "9"]
[EventCountry "CRO"]
[SourceTitle "EXT 2011"]
[Source "ChessBase"]
[SourceDate "2010.11.26"]
[SourceVersion "1"]
[SourceVersionDate "2010.11.26"]
[SourceQuality "1"]

1. e4 e5 2. Nf3 Nc6 3. c3 d5 4. Qa4 f6 5. Bb5 Nge7 6. O-O dxe4 7. Qxe4 Bf5 8.
Qe2 a6 9. Bxc6+ Nxc6 10. d4 Be7 11. Rd1 exd4 12. Nxd4 Nxd4 13. Rxd4 Qc8 14. Bf4
c5 15. Rd2 Qe6 16. c4 Qxe2 17. Rxe2 Kf7 18. Nd2 Rhd8 19. h3 g5 20. Be3 Rd7 21.
f4 h6 22. g4 Bd3 23. Rf2 Kg7 24. b3 Re8 25. Nf1 b5 26. Ng3 bxc4 27. bxc4 Bd6
28. Bd2 Kg6 29. Rd1 Red8 30. Ba5 Bc7 31. Bxc7 Rxc7 32. Rfd2 gxf4 33. Nh5 Rd4
34. Rxd3 Rxc4 35. Rf1 Re7 36. Nxf4+ Kg5 37. Rd8 Rc2 38. h4+ Kxh4 39. Ng6+ Kg3
40. Rd3+ 1-0

[Event "Cup Autumn (open)"]
[Site "Ivrea (Italy)"]
[Date "2010.11.18"]
[Round "7"]
[White "Paonessa, Denis"]
[Black "Razzano, Lorenzo"]
[Result "0-1"]
[WhiteElo "1902"]
[BlackElo "1928"]
[PlyCount "66"]
[EventDate "2010.??.??"]
[EventRounds "9"]
[EventCountry "ITA"]
[SourceTitle "OM OTB B 201907"]
[Source "Opening Master"]
[SourceDate "2019.07.06"]
[SourceVersion "2"]
[SourceVersionDate "2019.07.06"]
[SourceQuality "1"]

1. e4 e5 2. Nf3 Nc6 3. c3 Nf6 4. d4 Nxe4 5. d5 Ne7 6. Nxe5 Ng6 7. Nxg6 hxg6 8.
Bd3 Nf6 9. O-O d6 10. c4 Ng4 11. Re1+ Be7 12. h3 Ne5 13. Bf1 g5 14. Nc3 g4 15.
hxg4 Bxg4 16. Be2 Bxe2 17. Qxe2 Qd7 18. f4 Ng6 19. Nb5 a6 20. Nd4 O-O-O 21. f5
Ne5 22. Bf4 Bf6 23. Rac1 Rh4 24. Bxe5 Bxe5 25. Nf3 Qe7 26. Nxh4 Bd4+ 27. Kf1
Qxh4 28. Qf3 Bxb2 29. Rc2 Qh1+ 30. Kf2 Bd4+ 31. Re3 Re8 32. Rce2 Qh4+ 33. Kg1
Rxe3 0-1

[Event "Brno op 1st"]
[Site "Brno"]
[Date "2010.11.18"]
[Round "7"]
[White "Kearsley, Raymond J"]
[Black "Kotva, Milan"]
[Result "0-1"]
[WhiteElo "1871"]
[BlackElo "2070"]
[PlyCount "42"]
[EventDate "2010.11.14"]
[EventType "swiss"]
[EventRounds "9"]
[EventCountry "CZE"]
[SourceTitle "EXT 2011"]
[Source "ChessBase"]
[SourceDate "2010.11.26"]
[SourceVersion "1"]
[SourceVersionDate "2010.11.26"]
[SourceQuality "1"]

1. e4 e5 2. Nf3 Nc6 3. c3 d5 4. Qa4 Bd7 5. exd5 Nd4 6. Qd1 Nxf3+ 7. Qxf3 Nf6 8.
d3 Bg4 9. Qg3 Qxd5 10. Bg5 h5 11. h3 Be6 12. Nd2 Bd6 13. Qf3 e4 14. Qe3 exd3
15. Bxf6 gxf6 16. Bxd3 Bc5 17. Qe2 O-O-O 18. Be4 Qd6 19. b4 Bb6 20. Nb3 f5 21.
Bf3 Bxb3 0-1